000 00322nam a22001457a 4500
008 230907b ||||| |||| 00| 0 eng d
020 _a9780830633975
041 _aeng
080 _a521
082 _a521MER
100 _a19
101 _aGJEO
245 _aTHE SECRET LIFE OF QUANTA
_cMERZBACHER.E
942 _2udc
_cBK
999 _c60271
_d60271